عرض عادي
عرض مارك
- القرآن
مدخل عنوان موحد
001 - رقم الضبط
- حقل الضبط: 276
003 - معرف رقم الضبط
- حقل الضبط: OSt
005 - تاريخ ووقت أخر عملية
- حقل الضبط: 20110611172357.0
008 - عناصر بيانات ثابتة الطول
- حقل تحكم ثابت الطول: 110611|||a|||||| | ||| d
040 ## - مصدر الفهرسة
- هيئة الفهرسة الأصلية: OSt
- وكالة الكتابة: OSt
130 ## - مدخل -- اسم مؤتمر
- العنوان الموحد: القرآن
- تفريع عام: قراءات
670 ## - بيانات المصدر موجوده
- الاستشهاد بالمصدر: Work cat.: (OSt)8036: عثمان، حسني شيخ 274, حق التلاوة :, 2004
